01165cam a2200313 a 4500999001700000001000900017005001700026008004100043010001700084015001900101016001800120020003500138020003800173020003500211020003800246035002300284035002000307050002200327100001800349245004000367260008100407300002700488440003000515504006800545650002400613856007600637942001500713952012300728 c26631d266311468306020170206084434.0061229s2007 enk b 001 0 eng  a 2006103408 aGBA6895432bnb7 a0135836022Uk a019921624X (hbk. : alk. paper) a9780199216246 (hbk. : alk. paper) a0199216231 (pbk. : alk. paper) a9780199216239 (pbk. : alk. paper) a(OCoLC)ocm74522275 a(OCoLC)7452227500aBD418.3 .B77 20071 aBurge, Tyler.10aFoundations of mind /cTyler Burge. aOxford :bClarendon ;aOxford ;aNew York :bOxford University Press,c2007. axiii, 494 p. ;c24 cm. 0aPhilosophical essays ;v2 aIncludes bibliographical references (p. [465]-478) and indexes. 0aPhilosophy of mind.413Table of contentsuhttp://www.loc.gov/catdir/toc/fy0716/2006103408.html 2lcccBOOKS 00102lcc4070aMUCbMUCcTECHd2017-02-06eDonation(BFA)l0oBD418.3 .B77 2007p33956r2018-07-11w2017-02-06yBOOKS